<?xml version="1.0" encoding="UTF-8"?>
<collection xmlns="http://www.loc.gov/MARC21/slim">
 <record>
  <leader>01960nam a2200229Ia 4500</leader>
  <controlfield tag="001">CTU_216982</controlfield>
  <controlfield tag="008">210402s9999    xx            000 0 und d</controlfield>
  <datafield tag="020" ind1=" " ind2=" ">
   <subfield code="c">39.95</subfield>
  </datafield>
  <datafield tag="082" ind1=" " ind2=" ">
   <subfield code="a">954</subfield>
  </datafield>
  <datafield tag="082" ind1=" " ind2=" ">
   <subfield code="b">J83</subfield>
  </datafield>
  <datafield tag="100" ind1=" " ind2=" ">
   <subfield code="a">Joshi, Manoj</subfield>
  </datafield>
  <datafield tag="245" ind1=" " ind2="4">
   <subfield code="a">The lost rebellion</subfield>
  </datafield>
  <datafield tag="245" ind1=" " ind2="0">
   <subfield code="c">Manoj Joshi</subfield>
  </datafield>
  <datafield tag="260" ind1=" " ind2=" ">
   <subfield code="a">New Delhi</subfield>
  </datafield>
  <datafield tag="260" ind1=" " ind2=" ">
   <subfield code="b">Penguin Books</subfield>
  </datafield>
  <datafield tag="260" ind1=" " ind2=" ">
   <subfield code="c">1999</subfield>
  </datafield>
  <datafield tag="520" ind1=" " ind2=" ">
   <subfield code="a">The inside story of the insurgency in Kashmir. The militant rebellion that began in Kashmir in the winter of 1989 has left about 20,000 dead, many injured and countless traumatized. In this first book-length study of the rebellion, Manoj Joshi narrates how a simple call for azadi by bands of disgruntled youth was transformed within a year into a full-scale jehad against India. Joshi's chronicle dwells at length on Pakistan's proxy war against India and the atrocities perpetrated by the Afghan mercenaries. It also exposes hitherto unknown facets of the US position on Kashmir and investigates sensitive issues like the alleged mass rape at Kunan Poshpora, the infamous alley deaths and the abduction of four foreigners by the mysterious Al Faran militant outfit. Examining the official attempts to curb the rebellion, Joshi is unsparing in his criticism of the political bungling and bureaucratic ineptitude which have hamstrung the fight against insurgency. Giving a raw, compelling edge to the book are the accounts of the many hapless victims of the rebellion. Meticulously researched, The Lost Rebellion is a riveting account of the human drama that lies at the heart of the crisis that is Kashmir. With over twenty photographs.</subfield>
  </datafield>
  <datafield tag="650" ind1=" " ind2=" ">
   <subfield code="a">Insurgency,Bang Jammu and Kashmir (Ấn Độ),Bạo động,Jammu and Kashmir (India)</subfield>
  </datafield>
  <datafield tag="650" ind1=" " ind2=" ">
   <subfield code="x">Chính trị và chính phủ,Politics and government</subfield>
  </datafield>
  <datafield tag="650" ind1=" " ind2=" ">
   <subfield code="z">India,Jammu and Kashmir,India,Jammu and Kashmir</subfield>
  </datafield>
  <datafield tag="904" ind1=" " ind2=" ">
   <subfield code="i">Qhieu -Trần Bé Ngọc</subfield>
  </datafield>
  <datafield tag="980" ind1=" " ind2=" ">
   <subfield code="a">Trung tâm Học liệu Trường Đại học Cần Thơ</subfield>
  </datafield>
 </record>
</collection>
